[Event "1.FrauenBL 2018-19"]
[Site "Berlin"]
[Date "2019.03.02"]
[Round "10.3"]
[White "Lubbe, Melanie"]
[Black "Hoolt, Sarah"]
[Result "1/2-1/2"]
[WhiteElo "2288"]
[BlackElo "2324"]
[Annotator "NA"]
[PlyCount "80"]
[EventDate "2018.10.27"]
[EventType "team-tourn"]
[EventCountry "GER"]
[SourceTitle "playchess.com"]
[Source "ChessBase"]
[SourceQuality "1"]
[WhiteTeam "Rodewischer SM"]
[BlackTeam "Hamburger SK"]
[TimeControl "40/5400+30:1800+30"]

1. e4 {[%emt 0:00:07]} e6 {[%emt 0:00:06]} 2. d4 {[%emt 0:00:04]} d5 {[%emt 0:00:04]} 3. Nc3 {[%emt 0:00:08]} Nf6 {[%emt 0:00:12]} 4. e5 {[%emt 0:00:06]} Nfd7 {[%emt 0:00:04]} 5. f4 {[%emt 0:00:07]} c5 {[%emt 0:00:04]} 6. Nf3 {[%emt 0:00:05]} Nc6 {[%emt 0:00:07]} 7. Be3 {[%emt 0:00:17]} Be7 {[%emt 0:00:23]} 8. Qd2 {[%emt 0:01:05]} O-O {[%emt 0:01:26]} 9. dxc5 {[%emt 0:00:51]} Bxc5 {[%emt 0:00:25]} 10. O-O-O {[%emt 0:04:54]} Qb6 {[%emt 0:00:06]} 11. Bxc5 {[%emt 0:02:22]} Nxc5 {[%emt 0:00:11]} 12. Nd4 {[%emt 0:13:32]} Rd8 {[%emt 0:06:54]} 13. Kb1 {[%emt 0:04:42]} Bd7 {[%emt 0:07:35]} 14. h4 {[%emt 0:05:05]} Ne4 {[%emt 0:08:46]} 15. Nxe4 {[%emt 0:01:54]} dxe4 {[%emt 0:00:11]} 16. Be2 {[%emt 0:16:03]} Be8 {[%emt 0:06:23]} 17. c3 {[%emt 0:00:16]} Nxd4 {[%emt 0:01:12]} 18. cxd4 {[%emt 0:00:05]} Ba4 {[%emt 0:00:14]} 19. b3 {[%emt 0:01:21]} Rd7 {[%emt 0:08:56]} 20. f5 {[%emt 0:17:48]} exf5 {[%emt 0:01:15]} 21. d5 {[%emt 0:05:08]} Bb5 {[%emt 0:09:37]} 22. g4 {[%emt 0:05:17]} fxg4 {[%emt 0:08:54]} 23. d6 {[%emt 0:00:42]} e3 {[%emt 0:06:12]} 24. Qc2 {[%emt 0:00:40]} h5 {[%emt 0:00:13]} 25. Rhe1 {[%emt 0:02:11]} Bc6 {[%emt 0:20:28]} 26. Bc4 {[%emt 0:01:13]} Re8 {[%emt 0:00:15]} 27. Qf5 {[%emt 0:04:49]} Qc5 {[%emt 0:02:35]} 28. Bd5 {[%emt 0:07:10]} Bxd5 {[%emt 0:01:28]} 29. Qxd7 {[%emt 0:00:08]} Be4+ {[%emt 0:01:34]} 30. Kb2 {[%emt 0:00:05]} Qxe5+ {[%emt 0:00:21]} 31. Ka3 {[%emt 0:00:11]} Qc5+ {[%emt 0:05:12]} 32. Kb2 {[%emt 0:00:08]} Qe5+ {[%emt 0:00:21]} 33. Ka3 {[%emt 0:00:05]} Qc5+ {[%emt 0:00:04]} 34. Kb2 {[%emt 0:00:03]} Qc2+ {[%emt 0:03:43]} 35. Ka3 {[%emt 0:00:07]} Bc6 {[%emt 0:00:06]} 36. Qc7 {[%emt 0:01:05]} Re4 {[%emt 0:00:11]} 37. Qc8+ {[%emt 0:02:28]} Kh7 {[%emt 0:01:07]} 38. Qf5+ {[%emt 0:00:07]} Kg8 {[%emt 0:00:14]} 39. Qc8+ {[%emt 0:00:50]} Kh7 {[%emt 0:00:02]} 40. Qf5+ {[%emt 0:00:51]} Kg8 {[%emt 0:00:50]} 1/2-1/2

[Event "1.FrauenBL 2018-19"]
[Site "Berlin"]
[Date "2019.03.02"]
[Round "10.3"]
[White "Heyme, Sibylle"]
[Black "Roessler, Ulrike"]
[Result "0-1"]
[WhiteElo "2025"]
[BlackElo "2126"]
[Annotator "NA"]
[PlyCount "120"]
[EventDate "2018.10.27"]
[EventType "team-tourn"]
[EventCountry "GER"]
[SourceTitle "playchess.com"]
[Source "ChessBase"]
[SourceQuality "1"]
[WhiteTeam "Pankow"]
[BlackTeam "Hofheim"]
[TimeControl "40/5400+30:1800+30"]

1. e4 {[%emt 0:00:00]} d6 {[%emt 0:00:03]} 2. d4 {[%emt 0:00:16]} Nf6 {[%emt 0:00:03]} 3. Nc3 {[%emt 0:00:10]} g6 {[%emt 0:00:00]} 4. Be3 {[%emt 0:00:33]} c6 {[%emt 0:00:23]} 5. a4 {[%emt 0:02:51]} Nbd7 {[%emt 0:02:51]} 6. f3 {[%emt 0:07:39]} Bg7 {[%emt 0:07:39]} 7. Bc4 {[%emt 0:07:17]} d5 {[%emt 0:04:05]} 8. exd5 {[%emt 0:08:01]} Nb6 {[%emt 0:01:07]} 9. Bb3 {[%emt 0:01:46]} Nbxd5 {[%emt 0:00:07]} 10. Nxd5 {[%emt 0:03:03]} Nxd5 {[%emt 0:00:04]} 11. Bf2 {[%emt 0:17:36]} Bh6 {[%emt 0:06:44]} 12. Bxd5 Qxd5 {[%emt 0:00:08]} 13. Ne2 {[%emt 0:10:42]} Qa5+ {[%emt 0:10:08]} 14. c3 {[%emt 0:00:25]} Be6 {[%emt 0:26:27]} 15. O-O {[%emt 0:00:52]} O-O {[%emt 0:00:00]} 16. Re1 {[%emt 0:00:00]} Rfd8 {[%emt 0:00:00]} 17. Ng3 {[%emt 0:00:00]} Qd5 {[%emt 0:00:00]} 18. Qe2 {[%emt 0:00:00]} Rd7 {[%emt 0:00:00]} 19. Ne4 {[%emt 0:19:41]} b6 {[%emt 0:00:00]} 20. a5 {[%emt 0:00:06]} Rad8 {[%emt 0:00:00]} 21. h4 {[%emt 0:02:20]} Qc4 {[%emt 0:00:00]} 22. Qxc4 {[%emt 0:03:24]} Bxc4 {[%emt 0:00:00]} 23. axb6 {[%emt 0:00:11]} axb6 {[%emt 0:00:00]} 24. Ra3 {[%emt 0:01:08]} Rd5 {[%emt 0:07:40]} 25. b3 {[%emt 0:03:37]} Bd3 {[%emt 0:00:25]} 26. c4 {[%emt 0:00:09]} R5d7 {[%emt 0:01:14]} 27. Ng5 {[%emt 0:00:56]} Bg7 {[%emt 0:00:57]} 28. d5 {[%emt 0:00:40]} cxd5 {[%emt 0:01:36]} 29. Bxb6 {[%emt 0:00:43]} Rb8 {[%emt 0:21:55]} 30. c5 {[%emt 0:00:00]} Bc3 {[%emt 0:00:00]} 31. c6 {[%emt 0:04:55]} Rd6 {[%emt 0:00:00]} 32. Rxe7 {[%emt 0:00:09]} Rxc6 {[%emt 0:00:00]} 33. Bf2 {[%emt 0:00:38]} Bb4 {[%emt 0:05:42]} 34. Raa7 {[%emt 0:00:00]} Bxe7 {[%emt 0:00:00]} 35. Rxe7 {[%emt 0:00:14]} Bf5 {[%emt 0:00:00]} 36. Nxf7 {[%emt 0:00:00]} Rxb3 {[%emt 0:00:00]} 37. Nh6+ {[%emt 0:05:00]} Kf8 {[%emt 0:00:00]} 38. Rxh7 {[%emt 0:00:00]} Rb2 {[%emt 0:05:28]} 39. Bd4 {[%emt 0:00:44]} Rd2 {[%emt 0:00:30]} 40. Bg7+ {[%emt 0:00:58]} Ke8 {[%emt 0:00:00]} 41. Rh8+ {[%emt 0:31:18]} Kd7 {[%emt 0:19:59]} 42. Nxf5 {[%emt 0:00:00]} gxf5 {[%emt 0:00:00]} 43. Be5 {[%emt 0:00:00]} Re2 {[%emt 0:00:00]} 44. Rh7+ {[%emt 0:00:00]} Ke8 {[%emt 0:00:00]} 45. Bf4 {[%emt 0:00:00]} Rg6 {[%emt 0:00:00]} 46. Bg5 {[%emt 0:00:00]} Ra6 {[%emt 0:00:00]} 47. Rh8+ {[%emt 0:00:00]} Kf7 {[%emt 0:00:00]} 48. Rh7+ {[%emt 0:00:00]} Kg8 {[%emt 0:00:00]} 49. Rd7 {[%emt 0:00:00]} Raa2 {[%emt 0:00:00]} 50. Rd8+ {[%emt 0:00:00]} Kf7 {[%emt 0:05:11]} 51. Rxd5 {[%emt 0:00:00]} Rxg2+ {[%emt 0:00:21]} 52. Kh1 {[%emt 0:00:00]} Rge2 {[%emt 0:00:00]} 53. Rd1 {[%emt 0:00:00]} Rf2 {[%emt 0:00:00]} 54. f4 {[%emt 0:00:00]} Kg6 {[%emt 0:04:21]} 55. Kg1 {[%emt 0:00:00]} Kh5 {[%emt 0:00:00]} 56. Rc1 {[%emt 0:00:00]} Kg4 {[%emt 0:00:00]} 57. Rb1 {[%emt 0:00:00]} Rf3 {[%emt 0:00:00]} 58. Rd1 {[%emt 0:00:00]} Kh3 {[%emt 0:00:00]} 59. h5 {[%emt 0:01:50]} Rg2+ {[%emt 0:04:14]} 60. Kh1 {[%emt 0:00:02]} Rfg3 {[%emt 0:00:02]} 0-1

[Event "1.FrauenBL 2018-19"]
[Site "Berlin"]
[Date "2019.03.02"]
[Round "10.4"]
[White "Zatonskih, Anna"]
[Black "Koepke, Elena"]
[Result "0-1"]
[WhiteElo "2430"]
[BlackElo "2301"]
[Annotator "TA"]
[PlyCount "92"]
[EventDate "2018.10.27"]
[EventType "team-tourn"]
[EventCountry "GER"]
[SourceTitle "playchess.com"]
[Source "ChessBase"]
[SourceQuality "1"]
[WhiteTeam "OSG Baden-Baden"]
[BlackTeam "SF Deizisau"]

{[%evp 18,92,6,0,15,-11,0,-22,-14,-19,-16,-20,-15,-25,0,-10,0,0,0,-5,40,13,18,4,4,4,36,11,16,21,17,13,24,13,37,41,54,55,57,39,74,41,35,36,41,56,44,43,56,-726,-726,-724,-724,-728,-731,-752,-744,-785,-761,-761,-682,-785,-784,-784,-784,-784,-784,-784,-758,-743,-731,-809,-809,-809,-809,-792,-756]} 1. d4 Nf6 2. Nf3 e6 3. g3 b6 4. Bg2 Bb7 5. O-O Be7 6. c4 O-O 7. Qc2 c5 8. dxc5 bxc5 9. Nc3 Nc6 10. Rd1 d6 {E17: Queen's Indian: 4 g3 Bb7 5 Bg2 Be7} (10... Qb6 11. Na4 Qa6 12. b3 Nb4 13. Qb2 Rfd8 14. a3 Nc6 15. Be3 d6 16. Qc2 Na5 17. Rdc1 Rac8 18. Nb2 {0-1 (79) Soysal,S (2334)-Evdokimov,A (2503) Izmir 2016}) 11. Bg5 Qb8 12. a3 $146 ({Predecessor:} 12. Rd2 h6 13. Bxf6 Bxf6 14. Rad1 Be7 15. e4 e5 16. Nd5 Bd8 17. Bh3 Nd4 18. Nxd4 cxd4 {0-1 (29) James,S (2041)-Richmond,R (2260) Sunningdale 2008}) 12... h6 {The position is equal.} 13. Bxf6 Bxf6 14. Rab1 Rd8 15. e3 Qc7 16. b4 $1 Bxc3 17. Qxc3 cxb4 18. axb4 Rac8 19. Rdc1 Ne7 20. Qa3 Be4 21. Ra1 Ra8 22. Nd4 Bxg2 23. Kxg2 a6 24. Kg1 Nc6 25. c5 Nxd4 26. exd4 dxc5 27. dxc5 Qc6 28. Qa4 Qf3 29. Ra3 Qe2 30. Ra2 Qf3 31. c6 {[#] b5 is the strong threat.} Rac8 32. Ra3 Qe2 33. Qc2 $2 {[%mdl 8192]} (33. Qxa6 $14 Rd1+ 34. Rxd1 Qxd1+ 35. Kg2 (35. Qf1 Qxf1+ 36. Kxf1 Rxc6 $11) 35... Qd5+ {[%mdl 64] Double Attack} 36. Rf3 Qxc6 37. Qxc6 Rxc6 38. Rb3) 33... Rd2 $19 {Black is clearly winning.} 34. Qxd2 Qxd2 35. Rac3 Rc7 36. Rc4 g5 37. R1c2 Qd1+ 38. Kg2 h5 39. Rc5 g4 40. R2c3 Qd4 41. R3c4 Qd3 42. Kg1 {[#]} e5 $1 43. Rc1 (43. Rxe5 Qxc4) 43... Qd2 44. R1c3 Qe1+ 45. Kg2 Qe4+ 46. Kg1 Qxb4 {Accuracy: White = 43%, Black = 41%.} 0-1

[Event "1.FrauenBL 2018-19"]
[Site "Berlin"]
[Date "2019.03.02"]
[Round "10.4"]
[White "Melamed, Tatjana"]
[Black "Hapala, Elisabeth"]
[Result "1-0"]
[WhiteElo "2359"]
[BlackElo "2143"]
[Annotator "NA"]
[PlyCount "111"]
[EventDate "2018.10.27"]
[EventType "team-tourn"]
[EventCountry "GER"]
[SourceTitle "playchess.com"]
[Source "ChessBase"]
[SourceQuality "1"]
[WhiteTeam "Bad Koenigshofen"]
[BlackTeam "SK Lehrte"]
[TimeControl "40/5400+30:1800+30"]

1. e4 {[%emt 0:00:04]} c5 {[%emt 0:00:04]} 2. Nf3 {[%emt 0:00:05]} e6 {[%emt 0:00:04]} 3. g3 {[%emt 0:00:34]} Nc6 {[%emt 0:00:13]} 4. Bg2 {[%emt 0:00:15]} Nf6 {[%emt 0:00:16]} 5. Qe2 {[%emt 0:00:25]} d6 {[%emt 0:00:20]} 6. O-O {[%emt 0:01:06]} Be7 {[%emt 0:00:11]} 7. c3 {[%emt 0:00:37]} O-O {[%emt 0:00:13]} 8. d4 {[%emt 0:01:47]} cxd4 {[%emt 0:00:06]} 9. cxd4 {[%emt 0:00:03]} d5 {[%emt 0:00:07]} 10. e5 {[%emt 0:00:27]} Ne4 {[%emt 0:00:06]} 11. Be3 {[%emt 0:01:02]} Bd7 {[%emt 0:04:24]} 12. Ne1 {[%emt 0:05:04]} f6 {[%emt 0:34:32]} 13. f3 {[%emt 0:05:12]} Ng5 {[%emt 0:00:04]} 14. Nd2 {[%emt 0:07:10]} Qb6 {[%emt 0:06:46]} 15. Nd3 {[%emt 0:07:34]} Nb4 {[%emt 0:05:21]} 16. exf6 {[%emt 0:12:44]} Bxf6 {[%emt 0:00:26]} 17. Nxb4 {[%emt 0:01:04]} Qxb4 {[%emt 0:00:11]} 18. Nb3 {[%emt 0:01:00]} Bb5 {[%emt 0:18:16]} 19. Qe1 {[%emt 0:00:50]} Qd6 {[%emt 0:00:07]} 20. Rf2 {[%emt 0:00:38]} Rae8 {[%emt 0:01:22]} 21. Bf4 {[%emt 0:12:33]} Qb6 {[%emt 0:08:49]} 22. Qd2 {[%emt 0:05:54]} Nf7 {[%emt 0:00:53]} 23. a4 {[%emt 0:00:59]} Bc6 {[%emt 0:05:15]} 24. Nc5 {[%emt 0:02:16]} e5 {[%emt 0:02:12]} 25. a5 {[%emt 0:02:09]} Qd8 {[%emt 0:02:23]} 26. dxe5 {[%emt 0:06:53]} Nxe5 {[%emt 0:00:06]} 27. Bxe5 {[%emt 0:00:14]} Rxe5 {[%emt 0:03:10]} 28. f4 {[%emt 0:00:33]} Re7 {[%emt 0:01:05]} 29. Rd1 {[%emt 0:01:57]} d4 {[%emt 0:03:09]} 30. Bxc6 {[%emt 0:04:30]} bxc6 {[%emt 0:00:01]} 31. Nd3 {[%emt 0:01:57]} Rfe8 {[%emt 0:00:36]} 32. b4 {[%emt 0:00:30]} Qd5 {[%emt 0:01:19]} 33. Qa2 {[%emt 0:01:10]} Qxa2 {[%emt 0:02:08]} 34. Rxa2 {[%emt 0:00:05]} Re2 {[%emt 0:00:49]} 35. Rdd2 {[%emt 0:05:20]} Rxd2 {[%emt 0:00:12]} 36. Rxd2 {[%emt 0:00:04]} Kf7 {[%emt 0:01:59]} 37. Kf2 {[%emt 0:01:09]} Re3 {[%emt 0:00:35]} 38. Nc5 {[%emt 0:03:24]} Ke7 {[%emt 0:00:29]} 39. Re2 {[%emt 0:01:02]} Rxe2+ {[%emt 0:00:00]} 40. Kxe2 {[%emt 0:00:02]} g6 {[%emt 0:01:37]} 41. Kd3 {[%emt 0:32:03]} Bg7 {[%emt 0:03:22]} 42. Nb3 {[%emt 0:00:00]} Kd6 {[%emt 0:11:05]} 43. Kc4 {[%emt 0:00:00]} d3 {[%emt 0:01:06]} 44. Nc5 {[%emt 0:00:00]} d2 {[%emt 0:12:27]} 45. Ne4+ {[%emt 0:00:00]} Ke6 {[%emt 0:00:04]} 46. Nxd2 {[%emt 0:00:00]} Kf5 {[%emt 0:00:09]} 47. Nf3 {[%emt 0:00:00]} Kg4 {[%emt 0:03:28]} 48. Ne5+ {[%emt 0:00:00]} Kh3 {[%emt 0:00:05]} 49. Nxc6 {[%emt 0:00:00]} Kxh2 {[%emt 0:00:14]} 50. b5 {[%emt 0:00:00]} Kxg3 {[%emt 0:00:12]} 51. b6 {[%emt 0:00:00]} axb6 {[%emt 0:00:42]} 52. axb6 {[%emt 0:00:00]} Bh6 {[%emt 0:02:55]} 53. Kd5 {[%emt 0:00:00]} Bxf4 {[%emt 0:00:25]} 54. Ne5 {[%emt 0:00:00]} Be3 {[%emt 0:00:46]} 55. b7 {[%emt 0:00:00]} Ba7 {[%emt 0:00:05]} 56. Nc6 {[%emt 0:00:00]} 1-0

[Event "1.FrauenBL 2018-19"]
[Site "Berlin"]
[Date "2019.03.02"]
[Round "10.4"]
[White "Osmanodja, Filiz"]
[Black "Movsesian, Julia"]
[Result "0-1"]
[WhiteElo "2326"]
[BlackElo "2324"]
[Annotator "NA"]
[PlyCount "98"]
[EventDate "2018.10.27"]
[EventType "team-tourn"]
[EventCountry "GER"]
[SourceTitle "playchess.com"]
[Source "ChessBase"]
[SourceQuality "1"]
[WhiteTeam "Hamburger SK"]
[BlackTeam "Rodewischer SM"]
[TimeControl "40/5400+30:1800+30"]

1. e4 {[%emt 0:00:05]} e5 {[%emt 0:00:14]} 2. Nf3 {[%emt 0:00:03]} Nc6 {[%emt 0:00:00]} 3. Bb5 {[%emt 0:00:02]} a6 4. Ba4 {[%emt 0:00:30]} Nge7 {[%emt 0:00:36]} 5. Nc3 {[%emt 0:08:08]} g6 {[%emt 0:07:24]} 6. d4 {[%emt 0:02:45]} exd4 {[%emt 0:00:39]} 7. Nd5 {[%emt 0:06:13]} Bg7 {[%emt 0:08:23]} 8. Bg5 {[%emt 0:03:43]} h6 {[%emt 0:03:43]} 9. Bf6 {[%emt 0:00:00]} Bxf6 {[%emt 0:00:00]} 10. Nxf6+ {[%emt 0:01:54]} Kf8 {[%emt 0:00:00]} 11. Nxd4 {[%emt 0:06:25]} Kg7 {[%emt 0:08:19]} 12. Ng4 {[%emt 0:07:56]} d6 {[%emt 0:07:56]} 13. h3 {[%emt 0:13:47]} Bxg4 {[%emt 0:13:47]} 14. hxg4 {[%emt 0:00:25]} b5 {[%emt 0:05:41]} 15. Bb3 {[%emt 0:03:03]} Qd7 {[%emt 0:00:00]} 16. a4 {[%emt 0:16:44]} b4 {[%emt 0:12:56]} 17. a5 {[%emt 0:00:00]} Ne5 {[%emt 0:03:32]} 18. f4 {[%emt 0:01:27]} Nxg4 {[%emt 0:05:35]} 19. Ne6+ {[%emt 0:19:43]} fxe6 {[%emt 0:01:03]} 20. Qxg4 {[%emt 0:00:03]} d5 {[%emt 0:07:41]} 21. O-O-O {[%emt 0:04:20]} Rad8 {[%emt 0:01:02]} 22. exd5 {[%emt 0:02:54]} exd5 {[%emt 0:11:09]} 23. Qe2 {[%emt 0:00:01]} Qd6 {[%emt 0:00:00]} 24. Rhe1 {[%emt 0:00:48]} Rhe8 {[%emt 0:00:00]} 25. Qd2 {[%emt 0:00:05]} c6 {[%emt 0:00:00]} 26. g4 {[%emt 0:00:19]} Ng8 {[%emt 0:00:00]} 27. f5 {[%emt 0:01:14]} g5 {[%emt 0:00:00]} 28. Qd4+ {[%emt 0:00:37]} Nf6 {[%emt 0:00:00]} 29. Qa7+ {[%emt 0:00:44]} Qd7 {[%emt 0:00:57]} 30. Qxa6 {[%emt 0:00:48]} Ra8 {[%emt 0:01:03]} 31. Qb6 {[%emt 0:00:18]} Qa7 {[%emt 0:03:10]} 32. Qxc6 {[%emt 0:00:36]} Qxa5 {[%emt 0:00:12]} 33. Qb7+ {[%emt 0:00:32]} Kh8 {[%emt 0:00:30]} 34. Qf7 {[%emt 0:00:00]} Qa1+ {[%emt 0:00:22]} 35. Kd2 {[%emt 0:00:45]} Qxb2 {[%emt 0:00:05]} 36. Rxe8+ {[%emt 0:00:00]} Rxe8 {[%emt 0:00:01]} 37. Rh1 {[%emt 0:01:21]} Ne4+ {[%emt 0:01:48]} 38. Ke2 {[%emt 0:00:33]} Nd6+ {[%emt 0:00:37]} 39. Qxe8+ Nxe8 {[%emt 0:00:01]} 40. Rxh6+ {[%emt 0:00:00]} Kg7 {[%emt 0:00:26]} 41. Rg6+ {[%emt 0:29:41]} Kf8 {[%emt 0:29:54]} 42. Rxg5 {[%emt 0:00:00]} Qe5+ {[%emt 0:00:00]} 43. Kf3 {[%emt 0:00:00]} Nf6 {[%emt 0:00:00]} 44. Rg6 {[%emt 0:00:00]} Qe4+ {[%emt 0:00:00]} 45. Kg3 {[%emt 0:00:00]} Qe3+ {[%emt 0:00:00]} 46. Kh4 {[%emt 0:00:00]} Qf2+ {[%emt 0:00:00]} 47. Kh3 {[%emt 0:00:00]} Ne4 {[%emt 0:00:00]} 48. Rg8+ {[%emt 0:00:00]} Kxg8 {[%emt 0:00:00]} 49. Bxd5+ {[%emt 0:00:00]} Kg7 {[%emt 0:00:00]} 0-1

[Event "1.FrauenBL 2018-19"]
[Site "Berlin"]
[Date "2019.03.02"]
[Round "10.4"]
[White "Barpiyeva, Gulsana"]
[Black "Mai, Iris"]
[Result "0-1"]
[WhiteElo "2028"]
[BlackElo "2035"]
[Annotator "NA"]
[PlyCount "98"]
[EventDate "2018.10.27"]
[EventType "team-tourn"]
[EventCountry "GER"]
[SourceTitle "playchess.com"]
[Source "ChessBase"]
[SourceQuality "1"]
[WhiteTeam "Hofheim"]
[BlackTeam "Pankow"]
[TimeControl "40/5400+30:1800+30"]

1. d4 {[%emt 0:00:09]} d5 {[%emt 0:00:25]} 2. c4 {[%emt 0:00:23]} e6 {[%emt 0:01:18]} 3. Nc3 {[%emt 0:00:12]} c6 {[%emt 0:00:32]} 4. e3 {[%emt 0:00:21]} Nf6 {[%emt 0:01:23]} 5. Nf3 {[%emt 0:00:14]} Nbd7 {[%emt 0:02:19]} 6. Bd3 {[%emt 0:00:00]} Be7 {[%emt 0:04:53]} 7. O-O {[%emt 0:02:28]} O-O {[%emt 0:00:04]} 8. b3 {[%emt 0:01:32]} Re8 {[%emt 0:04:08]} 9. Bb2 {[%emt 0:00:52]} b6 {[%emt 0:08:37]} 10. Rc1 {[%emt 0:08:14]} Bb7 {[%emt 0:00:12]} 11. Qe2 {[%emt 0:01:07]} Bd6 {[%emt 0:06:07]} 12. Rfd1 {[%emt 0:04:55]} Qe7 {[%emt 0:00:48]} 13. cxd5 {[%emt 0:06:44]} exd5 {[%emt 0:04:48]} 14. Nh4 {[%emt 0:01:46]} Qd8 {[%emt 0:05:39]} 15. Nf5 {[%emt 0:05:07]} Bf8 {[%emt 0:00:05]} 16. Qc2 {[%emt 0:03:27]} g6 {[%emt 0:08:37]} 17. Ng3 {[%emt 0:02:04]} Rc8 {[%emt 0:00:18]} 18. Qb1 {[%emt 0:02:13]} Ng4 {[%emt 0:07:35]} 19. Re1 {[%emt 0:17:16]} Qh4 {[%emt 0:04:11]} 20. Nf1 {[%emt 0:16:27]} Qxf2+ {[%emt 0:02:30]} 21. Kh1 {[%emt 0:00:07]} Qh4 {[%emt 0:03:45]} 22. Re2 {[%emt 0:06:08]} Nf2+ {[%emt 0:07:05]} 23. Kg1 {[%emt 0:00:22]} Nxd3 {[%emt 0:00:21]} 24. Qxd3 {[%emt 0:00:12]} Nf6 {[%emt 0:00:11]} 25. Rce1 {[%emt 0:04:22]} Ne4 {[%emt 0:03:15]} 26. Nxe4 {[%emt 0:01:04]} Qxe4 {[%emt 0:01:37]} 27. Qc3 {[%emt 0:00:47]} a5 {[%emt 0:03:32]} 28. Ng3 {[%emt 0:01:32]} Qg4 {[%emt 0:04:06]} 29. a3 {[%emt 0:01:14]} h5 {[%emt 0:04:34]} 30. Rf2 {[%emt 0:02:50]} Ba6 {[%emt 0:03:01]} 31. Ne2 {[%emt 0:02:33]} Bxe2 {[%emt 0:01:02]} 32. Rfxe2 {[%emt 0:00:11]} Re4 {[%emt 0:00:53]} 33. Rf2 {[%emt 0:02:26]} Qe6 {[%emt 0:02:45]} 34. Bc1 {[%emt 0:01:44]} Bh6 {[%emt 0:03:36]} 35. Rc2 {[%emt 0:02:03]} h4 {[%emt 0:00:47]} 36. Qd3 {[%emt 0:01:52]} h3 {[%emt 0:01:01]} 37. g3 {[%emt 0:00:32]} Bg7 {[%emt 0:00:59]} 38. Rd1 {[%emt 0:01:05]} Bf6 {[%emt 0:01:20]} 39. Bd2 {[%emt 0:01:24]} Re8 {[%emt 0:00:26]} 40. Rdc1 {[%emt 0:00:55]} Qg4 {[%emt 0:00:55]} 41. Qf1 {[%emt 0:06:24]} Bg5 {[%emt 0:03:58]} 42. Rxc6 {[%emt 0:14:52]} Rxe3 {[%emt 0:04:30]} 43. Be1 {[%emt 0:06:06]} Rf3 {[%emt 0:04:04]} 44. Bf2 {[%emt 0:02:33]} Rxf2 {[%emt 0:02:29]} 45. Ra1 Z0 46. Qd1 Qf4 47. gxf4 Z0 48. Rc4 Z0 49. a4 Rf1+ {Bd7+ [%clk ] --- [%clk ] e5+ [%clk ]} 0-1

[Event "1.FrauenBL 2018-19"]
[Site "Berlin"]
[Date "2019.03.02"]
[Round "10.5"]
[White "Javakhishvili, Lela"]
[Black "Georgescu, Lena"]
[Result "1-0"]
[WhiteElo "2455"]
[BlackElo "2185"]
[Annotator "TA"]
[PlyCount "73"]
[EventDate "2018.10.27"]
[EventType "team-tourn"]
[EventCountry "GER"]
[SourceTitle "playchess.com"]
[Source "ChessBase"]
[SourceQuality "1"]
[WhiteTeam "SK Schwaebisch Hall"]
[BlackTeam "Karlsruher SF"]

{[%evp 15,73,0,17,0,0,0,0,0,1,-33,0,-14,6,-27,6,6,-1,8,16,-1,14,26,35,16,27,24,41,37,47,50,50,45,61,16,18,15,14,15,14,18,29,16,13,15,20,16,516,522,621,621,1146,1146,29990,29991,29991,29992,29993,29994,29994,29995]} 1. d4 Nf6 2. c4 e6 3. Nf3 b6 4. g3 Bb4+ 5. Nbd2 Bb7 6. Bg2 O-O 7. O-O d5 8. Ne5 Qc8 9. Ndf3 {E16: Queen's Indian: 4 g3 Bb7 5 Bg2 Bb4+} dxc4 10. Nxc4 Bd5 (10... Be7 11. Bg5 Rd8 12. Rc1 c5 13. b4 Nc6 14. bxc5 bxc5 15. e3 Ba6 16. Nfe5 Nxe5 17. Nxe5 {1-0 (64) Donchenko,A (2581)-Fressinet,L (2649) Porticcio 2018}) 11. Qc2 {The position is equal.} Qb7 12. Bf4 Be4 $146 ({Predecessor:} 12... Nc6 13. Rfd1 Be4 14. Qc1 Rad8 15. a3 Be7 16. Qe3 Nb8 {0-1 (49) Anchutin,N (2221)-Drygalov,A (2465) Kazan 2018}) 13. Qb3 Be7 14. Rac1 (14. Ncd2 $5 {[%cal Rd2e4]} Bd5 15. Qd3 $11) 14... Nbd7 15. Ncd2 Bd5 $1 {[%cal Rd5b3]} 16. Qc2 c5 17. e4 $1 {[%cal Re4d5]} Bc6 ({Reject} 17... Bxe4 $6 18. Nxe4 Qxe4 19. Qxe4 $16) 18. Rfe1 Rac8 19. Ne5 Nxe5 20. dxe5 Nd7 21. Nc4 Qc7 22. h4 Rcd8 23. Red1 Ba8 24. Qe2 Nb8 25. Nd6 Nc6 26. Qg4 {aiming for Bh6.} Kh8 27. Qh5 Kg8 28. Bh3 Bxd6 29. exd6 $40 {[%mdl 128] White is up to no good.} Qb7 30. Bg2 Nd4 $2 {[%mdl 8192] [#]} (30... f6 $11 {and Black has nothing to worry.}) 31. Rxd4 $1 $18 {[%mdl 512]} cxd4 {[#]} 32. Rc7 $1 Qa6 33. Be5 {Threatening mate with Qg5.} f6 34. Qg4 {[%csl Gc7][%cal Rg4g7] White mates.} Rf7 35. Qxe6 Rdf8 36. Rxf7 Rxf7 37. d7 {Accuracy: White = 69%, Black = 42%.} 1-0

[Event "1.FrauenBL 2018-19"]
[Site "Berlin"]
[Date "2019.03.02"]
[Round "10.5"]
[White "Misanovic, Vesna"]
[Black "Arakhamia-Grant, Ketevan"]
[Result "1/2-1/2"]
[WhiteElo "2249"]
[BlackElo "2359"]
[Annotator "NA"]
[PlyCount "41"]
[EventDate "2018.10.27"]
[EventType "team-tourn"]
[EventCountry "GER"]
[SourceTitle "playchess.com"]
[Source "ChessBase"]
[SourceQuality "1"]
[WhiteTeam "SF Deizisau"]
[BlackTeam "OSG Baden-Baden"]
[TimeControl "40/5400+30:1800+30"]

1. d4 {[%emt 0:00:00]} Nf6 {[%emt 0:00:18]} 2. c4 {[%emt 0:00:58]} g6 {[%emt 0:00:44]} 3. Nc3 {[%emt 0:00:06]} Bg7 {[%emt 0:00:03]} 4. e4 {[%emt 0:00:01]} d6 {[%emt 0:00:02]} 5. Bd3 {[%emt 0:00:12]} O-O {[%emt 0:00:09]} 6. Nge2 {[%emt 0:00:00]} Nc6 {[%emt 0:00:12]} 7. O-O {[%emt 0:04:27]} e5 {[%emt 0:00:06]} 8. d5 {[%emt 0:00:58]} Nd4 {[%emt 0:00:33]} 9. Nxd4 {[%emt 0:00:00]} exd4 {[%emt 0:00:04]} 10. Nb5 {[%emt 0:00:00]} Re8 {[%emt 0:04:38]} 11. Nxd4 {[%emt 0:05:50]} Nxe4 {[%emt 0:05:18]} 12. Bc2 {[%emt 0:08:12]} Bd7 {[%emt 0:05:15]} 13. Rb1 {[%emt 0:03:08]} Qh4 {[%emt 0:07:23]} 14. Nf3 {[%emt 0:04:08]} Qh5 {[%emt 0:00:12]} 15. Ba4 {[%emt 0:10:15]} b5 {[%emt 0:12:48]} 16. Bxb5 {[%emt 0:01:38]} Bxb5 {[%emt 0:16:14]} 17. cxb5 {[%emt 0:14:06]} Nf6 {[%emt 0:00:00]} 18. Bg5 {[%emt 0:00:00]} Ne4 {[%emt 0:00:00]} 19. Be3 {[%emt 0:00:00]} Nf6 {[%emt 0:09:50]} 20. Bg5 {[%emt 0:09:50]} Ne4 {[%emt 0:02:11]} 21. Be3 {[%emt 0:00:00]} 1/2-1/2